MARC details
| 000 -CABECERA |
| campo de control de longitud fija |
00917nam a2200229 a 4500 |
| 001 - NÚMERO DE CONTROL |
| campo de control |
000023229 |
| 005 - FECHA Y HORA DE LA ÚLTIMA TRANSACCIÓN |
| campo de control |
20200930022056.0 |
| 008 - DATOS DE LONGITUD FIJA--INFORMACIÓN GENERAL |
| campo de control de longitud fija |
101130s1997 ve c r 000 e spa d |
| 020 ## - NÚMERO INTERNACIONAL ESTÁNDAR DEL LIBRO |
| Número Internacional Estándar del Libro |
9802228923 |
| 040 ## - FUENTE DE LA CATALOGACIÓN |
| Centro catalogador/agencia de origen |
DO-SdBNP |
| Lengua de catalogación |
spa |
| Centro/agencia transcriptor |
BNPHU |
| 082 ## - NÚMERO DE LA CLASIFICACIÓN DECIMAL DEWEY |
| Número de clasificación |
nnnn |
| Número de documento/Ítem |
E98s |
| 049 ## - FONDOS LOCALES (OCLC) |
| Fondos de biblioteca |
BNGR |
| 100 1# - ENTRADA PRINCIPAL--NOMBRE DE PERSONA |
| Nombre de persona |
Eyrich S., Enrique L., |
| Fechas asociadas al nombre |
1942- |
| 9 (RLIN) |
47826 |
| 245 13 - MENCIÓN DE TÍTULO |
| Título |
La salle en Venezuela / |
| Mención de responsabilidad, etc. |
Enrique L. Eyrich S. ; prólogo de Luis Herrera Campíns. |
| 260 ## - PUBLICACIÓN, DISTRIBUCIÓN, ETC. |
| Lugar de publicación, distribución, etc. |
Caracas : |
| Nombre del editor, distribuidor, etc. |
Academia Nacional de la Historia, |
| Fecha de publicación, distribución, etc. |
1997. |
| 300 ## - DESCRIPCIÓN FÍSICA |
| Extensión |
597, [4] p. : |
| Otras características físicas |
retrs. ; |
| Dimensiones |
23 cm. |
| 490 1# - MENCIÓN DE SERIE |
| Mención de serie |
Biblioteca de la Academia Nacional de la Historia |
| Designación de volumen o secuencia |
175 |
| 490 1# - MENCIÓN DE SERIE |
| Mención de serie |
Estudios, monografías y ensayos |
| Designación de volumen o secuencia |
175 |
| 504 ## - NOTA DE BIBLIOGRAFÍA, ETC. |
| Nota de bibliografía, etc. |
Incluye referencias bibliográficas y notas al pie de las páginas. |
| 700 1# - PUNTO DE ACCESO ADICIONAL--NOMBRE DE PERSONA |
| Nombre de persona |
Herrera Campís, Luis, |
| Término indicativo de función/relación |
pról. |
| 9 (RLIN) |
47827 |
| 830 #0 - PUNTO DE ACCESO ADICIONAL DE SERIE-TÍTULO UNIFORME |
| Título uniforme |
Biblioteca de la Academia Nacional de la Historia. |
| Nombre de parte o sección de la obra |
Estudios, monografías y ensayos ; |
| Designación de volumen o secuencia |
175 |
| 9 (RLIN) |
16666 |